| 000 | 00502ntaaa2200193 4500 | ||
|---|---|---|---|
| 003 | 01 | ||
| 005 | 20251027201231.0 | ||
| 008 | 0714s1973 ag 01 | ||
| 040 |
_aAR-BaBN _bspa _cAR-BaBN _eaacr _dRIC |
||
| 082 | _a220.92 M57 | ||
| 100 |
_aMeyer, F. B. _9969 |
||
| 245 |
_aDavid: Pastor, Salmista, Rey. / _cF. B. Meyer |
||
| 250 |
_a1 ed. : _bCasa Bautista de Publicaciones, _cc/938 |
||
| 300 | _a210 p. | ||
| 650 | _aBiblia-BiografĂa | ||
| 650 | _aDavid | ||
| 650 | _aBiblia-A.T.-Salmos | ||
| 942 | _cBK | ||
| 999 |
_c6669 _d6669 |
||